The Appraisal Journal (Record no. 118598)

MARC details
000 -LEADER
fixed length control field 00843cas a22002295a 4500
001 - CONTROL NUMBER
control field ##L98960
008 - FIXED-LENGTH DATA ELEMENTS--GENERAL INFORMATION
fixed length control field 070703c1933 xxuqr p 0 a0eng
022 1# - INTERNATIONAL STANDARD SERIAL NUMBER
International Standard Serial Number 0003-7087
035 ## - SYSTEM CONTROL NUMBER
System control number (Sirsi) u98960
041 0# - LANGUAGE CODE
Language code of text/sound track or separate title eng
110 2# - MAIN ENTRY--CORPORATE NAME
Corporate name or jurisdiction name as entry element Appraisal Institute
9 (RLIN) 2987
245 04 - TITLE STATEMENT
Title The Appraisal Journal
260 ## - PUBLICATION, DISTRIBUTION, ETC.
Place of publication, distribution, etc. Chicago
Name of publisher, distributor, etc. Appraisal Institute
Date of publication, distribution, etc. 1933-
362 1# - DATES OF PUBLICATION AND/OR SEQUENTIAL DESIGNATION
Dates of publication and/or sequential designation 22(1) January 1954-
520 ## - SUMMARY, ETC.
Summary, etc. Missing 1997 and 1998 issues.
520 ## - SUMMARY, ETC.
Summary, etc. Website includes tables of contents for past issues. The full text of the current issue and abstracts of articles are available via the Lum Library.
651 #4 - SUBJECT ADDED ENTRY--GEOGRAPHIC NAME
Geographic name United States
690 ## - LOCAL SUBJECT ADDED ENTRY--TOPICAL TERM (OCLC, RLIN)
Topical term or geographic name as entry element PROPERTY-PROPERTY APPRAISAL AND VALUATION
856 41 - ELECTRONIC LOCATION AND ACCESS
Uniform Resource Identifier <a href="https://www.rics.org/profession-standards/knowledge-and-information-services">https://www.rics.org/profession-standards/knowledge-and-information-services</a>
Public note How to access eJournals
942 ## - ADDED ENTRY ELEMENTS (KOHA)
Suppress in OPAC 0
Source of classification or shelving scheme Dewey Decimal Classification
948 ## - LOCAL PROCESSING INFORMATION (OCLC); SERIES PART DESIGNATOR (RLIN)
c (OCLC) 04/02/1994
Holdings
Withdrawn status Lost status Source of classification or shelving scheme Damaged status Not for loan Home library Current library Shelving location Date acquired Total Checkouts Full call number Barcode Date last seen Price effective from Koha item type Public note
    Dewey Decimal Classification     London London Gallery 22/04/2004   APPRAISAL JOURNAL 98960-2001 06/08/2019 06/08/2019 Journal Not current
    Dewey Decimal Classification     Virtual Virtual Online 05/07/2007   ONLINE JOURNAL via EBSCO 98960-3001 21/06/2023 06/08/2019 Journal